La carrière de Angel Di Maria - Statistiques

Statistiques générales
  • Ce quiz a été pris 258 fois
    64 depuis la dernière actualisation
  • Le résultat moyen est 6 sur 8
Statistiques - réponses
Année Match But Club % Correct
2010 - 2014 190 36 Real Madrid
98%
2015 - 2022 295 92 Paris Saint Germain
95%
2023 - 2025 92 36 Benfica Lisbonne
93%
2014 - 2015 32 4 Manchester United
83%
2007 - 2010 125 15 Benfica Lisbonne
81%
2022 - 2023 40 8 Juventus FC
75%
2005 - 2007 39 6 Rosario Central
46%
2025 - actuel 25 11 Rosario Central
29%
Aucun quiz correspondant
Distribution des résultats
% des personnes avec chaque résultat
Percentile par nombre de réponses
Votre historique - résultats
Vous n’avez pas pris ce quiz depuis la dernière actualisation